000 01145cam a22003135i 4500
001 18247485
003 EG-ScBUE
005 20250723101229.0
008 140730t2014 enka f 001 0 eng d
020 _a9780199697403
040 _aEG-ScBUE
_beng
_erda
_cEG-ScBUE
_dEG-ScBUE
082 0 4 _a541.3
_bATK
_222
100 1 _aAtkins, P. W.
_q(Peter William),
_d1940-
_937442
_eauthor.
245 1 0 _aAtkins' physical chemistry /
_cPeter Atkins, fellow of Lincoln College, University of Oxford, Oxford, UK, Julio de Paula, Professor of Chemistry, Lewis & Clark College, Portland, Oregon, USA.
246 3 0 _aPhysical chemistry
250 _aTenth edition.
264 1 _aOxford :
_bOxford University Press,
_c[2014]
264 4 _cc2014
300 _axxv, 1008 pages :
_bcolor illustrations ;
_c28 cm
336 _2rdacontent
_atext
_btxt
337 _aunmediated
_2rdamedia
_bn
338 _avolume
_bnc
_2rdacarrier
500 _aIncludes index.
650 7 _aChemistry, Physical and theoretical.
_2BUEsh
_92007
653 _bENGGEN
_cOctober2015
655 _vText book
_933728
700 1 _aDe Paula, Julio,
_937443
_eauthor.
942 _2ddc
_cBB
999 _c20891
_d20863